Mechanické kmitání

Gespeichert in:
Bibliographische Detailangaben
Hauptverfasser: Brepta, Rudolf (Verfasst von), Půst, Ladislav (Verfasst von), Turek, František (Verfasst von)
Format: Buch
Sprache:Tschechisch
Veröffentlicht: Praha : Sobotáles, 1994
Ausgabe:1. vyd.
Schriftenreihe:Technický průvodce 1994/71
Schlagworte:
Tags: Tag hinzufügen
Keine Tags, Fügen Sie das erste Tag hinzu!

MARC

LEADER 00000nam a22000003a 4500
001 stu45174
005 20150617225716.6
008 951129s1994----xr------------------cze-d
020 |a 80-901684-8-5 
040 |a STU  |b slo 
041 0 |a cze 
044 |a xr 
080 |a 534 
100 1 |a Brepta, Rudolf  |4 aut 
245 1 |a Mechanické kmitání 
250 |a 1. vyd. 
260 |a Praha :  |b Sobotáles,  |c 1994 
300 |a 592 s 
650 7 |a Kmity mechanické  |2 stusub 
700 1 |a Půst, Ladislav  |4 aut 
700 1 |a Turek, František  |4 aut 
830 0 |a Technický průvodce  |v 1994/71 
996 |b 284M077074  |c M*9296-1  |l MMKN  |s A  |a 24  |w stu45174_0001 
996 |b 284J031864  |c J*107864  |l JJK10  |s P  |a 0  |w stu45174_0002